| 000 | 00492nab a2200145Ia 4500 | ||
|---|---|---|---|
| 003 | ES-SlBCS | ||
| 005 | 20210601123744.0 | ||
| 008 | 140529s2005 xxu||||| |||| 00| 0 spa d | ||
| 041 | _aspa | ||
| 110 | 2 |
_aComisión Episcopal para la Vida Consagrada _9128968 |
|
| 245 | 0 | 0 |
_aTestigos de la presencia transfigurante de Dios _cCOMISIÓN EPISCOPAL PARA LA VIDA CONSAGRADA |
| 650 | 0 | 4 |
_aTestigos de Dios _9128969 |
| 773 | 0 |
_tVida Religiosa _gvol. 99, nº. 10, 2005, págs. 6-8 _wRev493 |
|
| 942 | _cAR | ||
| 999 |
_c503328 _d503328 |
||